Statistiche per Vincitori Tour de France

Clicka qui per fare il quiz!

Statistiche generali

  • Questo quiz è stato fatto 12 volte
  • Il punteggio medio è 31 su 103

Statistiche sulle risposte

EdizioneNazioneVincitore% Corretto
1969 | 1970 | 1971 | +2 othersBelgioEddy Merckx
92%
1998ItaliaMarco Pantani
92%
2007 | 2009SpagnaAlberto Contador
83%
1949 | 1952ItaliaFausto Coppi
83%
1938 | 1948ItaliaGino Bartali
83%
2020 | 2021SloveniaTadej Pogačar
83%
2014ItaliaVincenzo Nibali
83%
2013 | 2015 | 2016 | 2017Regno UnitoChris Froome
75%
2019ColombiaEgan Bernal
75%
2022 | 2023DanimarcaJonas Vingegaard
75%
1991 | 1992 | 1993 | +2 othersSpagnaMiguel Indurain
67%
2012Regno UnitoBradley Wiggins
58%
2018Regno UnitoGeraint Thomas
58%
2010LussemburgoAndy Schleck
50%
2011AustraliaCadel Evans
50%
1978 | 1979 | 1981 | +2 othersFranciaBernard Hinault
42%
1965ItaliaFelice Gimondi
42%
2008SpagnaCarlos Sastre
33%
1986 | 1989 | 1990Stati UnitiGreg LeMond
33%
1997GermaniaJan Ullrich
33%
1957 | 1961 | 1962 | +2 othersFranciaJacques Anquetil
25%
1987IrlandaStephen Roche
25%
1958LussemburgoCharly Gaul
17%
1983 | 1984FranciaLaurent Fignon
17%
1959SpagnaFederico Bahamontes
8%
1960ItaliaGastone Nencini
8%
1953 | 1954 | 1955FranciaLouison Bobet
8%
1973SpagnaLuis Ocaña
8%
1903FranciaMaurice Garin
8%
2006SpagnaÓscar Pereiro
8%
1924 | 1925ItaliaOttavio Bottecchia
8%
1930 | 1932FranciaAndré Leducq
0%
1931 | 1934FranciaAntonin Magne
0%
1975 | 1977FranciaBernard Thévenet
0%
1996DanimarcaBjarne Riis
0%
1950SvizzeraFerdi Kübler
0%
1919 | 1922BelgioFirmin Lambot
0%
1909LussemburgoFrançois Faber
0%
1933FranciaGeorges Speicher
0%
1911FranciaGustave Garrigou
0%
1904FranciaHenri Cornet
0%
1923FranciaHenri Pélissier
0%
1951SvizzeraHugo Koblet
0%
1968Paesi BassiJan Janssen
0%
1947FranciaJean Robic
0%
1980Paesi BassiJoop Zoetemelk
0%
1921BelgioLéon Scieur
0%
1905FranciaLouis Trousselier
0%
1966FranciaLucien Aimar
0%
1926BelgioLucien Buysse
0%
1907 | 1908FranciaLucien Petit-Breton
0%
1976BelgioLucien Van Impe
0%
1929BelgioMaurice Dewaele
0%
1927 | 1928LussemburgoNicolas Frantz
0%
1910FranciaOctave Lapize
0%
1912BelgioOdile Defraye
0%
1988SpagnaPedro Delgado
0%
1913 | 1914 | 1920BelgioPhilippe Thys
0%
1906FranciaRené Pottier
0%
1937FranciaRoger Lapébie
0%
1967FranciaRoger Pingeon
0%
1956FranciaRoger Walkowiak
0%
1935BelgioRomain Maes
0%
1936 | 1939BelgioSylvère Maes
0%

Distribuzione punteggi

Percentile per numero di risposta

Percentuale di utenti per punteggio

I tuoi punteggi nel tempo

Non hai fatto questo quiz